Country Names without "A" - Statistics

General Stats
  • This quiz has been taken 237 times
    163 since last reset
  • The average score is 18 of 29
Answer Stats
Country % Correct
South America Peru
80%
Europe Sweden
79%
South America Chile
77%
Africa Togo
76%
Africa Egypt
75%
Asia Yemen
73%
Europe Greece
71%
Europe Belgium
69%
Africa Benin
69%
Oceania Fiji
69%
North America Mexico
69%
Africa Djibouti
68%
Europe Kosovo
68%
Europe Liechtenstein
66%
Europe Luxembourg
65%
Africa Morocco
64%
Europe United Kingdom
64%
North America Belize
62%
Africa Niger
62%
Africa Lesotho
60%
Africa Burundi
59%
Asia Turkey
55%
Asia Cyprus
54%
Africa Comoros
51%
Africa Seychelles
51%
Asia Brunei
48%
Asia Philippines
45%
Europe Montenegro
44%
Africa Republic of the Congo
44%
No matching quizzes found
Score Distribution
Percent of People with Each Score
Percentile by Number Answered
Your Score History
You have not taken this quiz since the last reset